[Event "Shandong zt 3.5"]
[Site "Shandong"]
[Date "2007.05.03"]
[Round "6"]
[White "Wei, Chenpeng"]
[Black "Li, Shilong"]
[Result "0-1"]
[WhiteElo "2343"]
[BlackElo "2552"]
[PlyCount "104"]
[EventDate "2007.04.28"]
[EventType "swiss"]
[EventRounds "9"]
[EventCountry "CHN"]
[SourceTitle "CBM 118 Extra"]
[Source "ChessBase"]
[SourceDate "2007.07.04"]
[SourceVersion "1"]
[SourceVersionDate "2007.07.04"]
[SourceQuality "1"]

1. e4 e6 2. d4 d5 3. Nc3 Nf6 4. Bg5 Be7 5. e5 Nfd7 6. Bxe7 Qxe7 7. f4 a6 8. Nf3 c5 9. dxc5 Nc6 10. Qd2 Nxc5 11. Bd3 b5 12. 0-0 0-0 13. Qf2 f5 14. exf6 gxf6 15. Kh1 Bb7 16. Rae1 Rad8 17. a3 Kh8 18. Ne2 e5 19. Ned4 Ne4 20. Bxe4 dxe4 21. Nf5 Qe8 22. N3h4 Nd4 23. c3 Ne6 24. fxe5 fxe5 25. Qg3 Qf7 26. Qxe5+ Qf6 27. Qxf6+ Rxf6 28. Nd4 Rxf1+ 29. Rxf1 Nxd4 30. cxd4 Rxd4 31. Rf8+ Kg7 32. Nf5+ Kxf8 33. Nxd4 Ke7 34. Kg1 Kd6 35. Kf2 e3+ 36. Kxe3 Bxg2 37. Nf5+ Ke5 38. Nd4 Kd5 39. Nf5 Kc4 40. Kd2 Bh3 41. Ne3+ Kd4 42. b4 Ke4 43. Ke2 Be6 44. Nc2 Bc4+ 45. Kd2 h5 46. Ne3 Be6 47. h4 Kf4 48. Kd3 Kg3 49. Kd4 Kxh4 50. Ke5 Bc8 51. Kf4 Kh3 52. Kg5 h4 0-1

[Event "Shandong zt 3.5"]
[Site "Shandong"]
[Date "2007.04.30"]
[Round "3"]
[White "Wang, Jiaquan"]
[Black "Wei, Chenpeng"]
[Result "1/2-1/2"]
[WhiteElo "2276"]
[BlackElo "2343"]
[PlyCount "79"]
[EventDate "2007.04.28"]
[EventType "swiss"]
[EventRounds "9"]
[EventCountry "CHN"]
[SourceTitle "CBM 118 Extra"]
[Source "ChessBase"]
[SourceDate "2007.07.04"]
[SourceVersion "1"]
[SourceVersionDate "2007.07.04"]
[SourceQuality "1"]

1. e4 c5 2. Nf3 d6 3. d4 cxd4 4. Nxd4 Nf6 5. Nc3 a6 6. Bd3 e6 7. 0-0 b5 8. f4 Bb7 9. a3 Be7 10. Kh1 Nbd7 11. Qe2 Nc5 12. Bd2 0-0 13. b4 Nxd3 14. cxd3 Rc8 15. Rac1 Re8 16. Nf3 Bf8 17. Qf2 Rc7 18. a4 bxa4 19. Nxa4 Nd7 20. Qa7 f5 21. Rxc7 Qxc7 22. Rc1 Qb8 23. Qxb8 Nxb8 24. exf5 exf5 25. Nd4 g6 26. Re1 Kf7 27. Rxe8 Kxe8 28. Kg1 Be7 29. Kf2 Bh4+ 30. g3 Bf6 31. Be3 Nc6 32. Nc2 Ke7 33. Ke2 Kf7 34. Kd2 h6 35. h4 Ne7 36. Nb6 Ke6 37. Nd4+ Bxd4 38. Bxd4 Nd5 39. Nxd5 Kxd5 40. Bg7 1/2-1/2

[Event "Shandong zt 3.5"]
[Site "Shandong"]
[Date "2007.04.29"]
[Round "2"]
[White "Wei, Chenpeng"]
[Black "An, Zhixiao"]
[Result "0-1"]
[WhiteElo "2343"]
[BlackElo "2169"]
[PlyCount "74"]
[EventDate "2007.04.28"]
[EventType "swiss"]
[EventRounds "9"]
[EventCountry "CHN"]
[SourceTitle "CBM 118 Extra"]
[Source "ChessBase"]
[SourceDate "2007.07.04"]
[SourceVersion "1"]
[SourceVersionDate "2007.07.04"]
[SourceQuality "1"]

1. d4 Nf6 2. c4 e6 3. Nf3 b6 4. a3 Bb7 5. Nc3 d5 6. cxd5 exd5 7. Bf4 Bd6 8. Qd2 0-0 9. Bxd6 Qxd6 10. b4 Ne4 11. Qd3 a5 12. b5 c5 13. g3 Qf6 14. Na4 Nd7 15. Bh3 c4 16. Qd1 Rfd8 17. 0-0 Nf8 18. Ne5 Qd6 19. Qc2 f6 20. Nf3 Bc8 21. Bg2 Bd7 22. Rab1 Ne6 23. Bh3 Rab8 24. Nc3 Nxc3 25. Bxe6+ Qxe6 26. Qxc3 Qxe2 27. Rfe1 Qd3 28. Qxd3 cxd3 29. Re3 Re8 30. Ne1 Rxe3 31. fxe3 d2 32. Nf3 Bf5 33. Ra1 d1Q+ 34. Rxd1 Bg4 35. Kf2 Rc8 36. Rd2 Rc3 37. a4 Ra3 0-1

[Event "Shandong zt 3.5"]
[Site "Shandong"]
[Date "2007.04.28"]
[Round "1"]
[White "Zhang, Pengxiang"]
[Black "Wei, Chenpeng"]
[Result "1/2-1/2"]
[WhiteElo "2657"]
[BlackElo "2343"]
[PlyCount "142"]
[EventDate "2007.04.28"]
[EventType "swiss"]
[EventRounds "9"]
[EventCountry "CHN"]
[SourceTitle "CBM 118 Extra"]
[Source "ChessBase"]
[SourceDate "2007.07.04"]
[SourceVersion "1"]
[SourceVersionDate "2007.07.04"]
[SourceQuality "1"]

1. c4 Nf6 2. Nf3 b6 3. Nc3 Bb7 4. d4 e6 5. a3 d5 6. Bg5 Be7 7. e3 Nbd7 8. cxd5 Nxd5 9. Bxe7 Qxe7 10. Rc1 c6 11. Qa4 Nxc3 12. Rxc3 0-0 13. Ba6 Bxa6 14. Qxa6 e5 15. 0-0 exd4 16. exd4 c5 17. Rfc1 cxd4 18. Nxd4 Qe4 19. Qd3 Qxd3 20. Rxd3 Rfe8 21. Kf1 g6 22. b4 Ne5 23. Re3 Ng4 24. Rxe8+ Rxe8 25. h3 Ne5 26. Re1 Rd8 27. Nb5 Nc4 28. Rc1 Rc8 29. Kg1 a6 30. Nd4 b5 31. Nb3 Ra8 32. Ra1 Rd8 33. Nc5 a5 34. bxa5 Nxa5 35. Rb1 Nc4 36. Rxb5 Nxa3 37. Rb4 Nc2 38. Rb7 h5 39. Nd7 Nd4 40. Ne5 Rf8 41. g3 h4 42. gxh4 Kg7 43. Kg2 Nf5 44. h5 gxh5 45. Kf3 Nd6 46. Rd7 Re8 47. Nd3 Re6 48. Nf4 Rf6 49. Ke3 Nc4+ 50. Ke4 Nd6+ 51. Kf3 Kh8 52. Rd8+ Kg7 53. h4 Kh7 54. Ra8 Nc4 55. Kg3 Nd6 56. Ra4 Nf5+ 57. Kh3 Ng7 58. Kg2 Rf5 59. Re4 Rb5 60. Re7 Nf5 61. Rxf7+ Kg8 62. Rd7 Nxh4+ 63. Kg3 Ng6 64. Ne6 Rb3+ 65. Kh2 Ne5 66. Rg7+ Kh8 67. f4 Nf3+ 68. Kg2 Nd4 69. Re7 Rb2+ 70. Kh3 Rb3+ 71. Kg2 Rb2+ 1/2-1/2

[Event "All China Games 3rd"]
[Site "Suzhou"]
[Date "2006.05.20"]
[Round "2"]
[White "Lin, Weiguo"]
[Black "Wei, Chenpeng"]
[Result "0-1"]
[WhiteElo "2448"]
[BlackElo "2356"]
[PlyCount "76"]
[EventDate "2006.05.20"]
[EventType "swiss"]
[EventRounds "11"]
[EventCountry "CHN"]
[SourceTitle "CBM 112 Extra"]
[Source "ChessBase"]
[SourceDate "2006.07.14"]
[SourceVersion "1"]
[SourceVersionDate "2006.07.14"]
[SourceQuality "1"]

1. d4 d5 2. c4 c6 3. Nf3 Nf6 4. Nc3 dxc4 5. e3 b5 6. a4 b4 7. Nb1 Ba6 8. Be2 e6 9. Ne5 Be7 10. 0-0 0-0 11. Nd2 c5 12. Ndxc4 Bb7 13. Bf3 Bxf3 14. Qxf3 Qd5 15. dxc5 Bxc5 16. Rd1 Qxf3 17. gxf3 Na6 18. e4 Rac8 19. Bg5 Rfd8 20. Na5 h6 21. Bxf6 gxf6 22. Nd7 Kg7 23. Nb7 Rg8 24. Rac1 Be7 25. Kf1 e5 26. Rxc8 Rxc8 27. Nd6 Bxd6 28. Rxd6 Nc5 29. Nxf6 Nxa4 30. Nh5+ Kg8 31. Ra6 Nxb2 32. Rxa7 Rc2 33. Nf6+ Kg7 34. Ne8+ Kg8 35. Nf6+ Kg7 36. Ne8+ Kg6 37. Rd7 Nc4 38. Nd6 Rd2 0-1

[Event "Wch U20"]
[Site "Istanbul"]
[Date "2005.11.19"]
[Round "10"]
[White "Lettieri, Giuseppe"]
[Black "Wei, Chenpeng"]
[Result "1-0"]
[WhiteElo "2265"]
[BlackElo "2390"]
[PlyCount "101"]
[EventDate "2005.11.09"]
[EventType "swiss"]
[EventRounds "13"]
[EventCountry "TUR"]
[SourceTitle "CBM 109 Extra"]
[Source "ChessBase"]
[SourceDate "2006.01.03"]
[SourceVersion "2"]
[SourceVersionDate "2006.01.03"]
[SourceQuality "1"]

1. e4 c5 2. Nf3 d6 3. Bb5+ Nc6 4. d4 cxd4 5. Qxd4 Bd7 6. Bxc6 Bxc6 7. Nc3 Nf6 8. Bg5 e6 9. 0-0-0 Be7 10. Rhe1 0-0 11. Qd2 Qc7 12. Nd4 Rfd8 13. f3 Rab8 14. g4 Be8 15. Nce2 b5 16. Ng3 b4 17. Nh5 Nxh5 18. gxh5 Bxg5 19. Qxg5 h6 20. Qg4 Qa5 21. Rg1 Qg5+ 22. Qxg5 hxg5 23. Rxg5 f6 24. Ra5 e5 25. Nf5 Bxh5 26. Rxa7 g5 27. Rd3 Ra8 28. Rxa8 Rxa8 29. a3 bxa3 30. bxa3 Ra6 31. Kb2 Rb6+ 32. Kc1 Kf7 33. Nxd6+ Ke6 34. Nf5 Bg6 35. Ne3 Rb8 36. Rb3 Rxb3 37. cxb3 Bh5 38. Ng4 f5 39. exf5+ Kxf5 40. Kd2 Kf4 41. h3 Bf7 42. b4 Bd5 43. b5 Bxf3 44. a4 Bb7 45. a5 Bg2 46. a6 Bf1 47. a7 Bg2 48. Ne3 Bb7 49. Nc4 Kg3 50. Nd6 Bd5 51. b6 1-0

[Event "Wch U20"]
[Site "Istanbul"]
[Date "2005.11.17"]
[Round "8"]
[White "Jojua, Davit"]
[Black "Wei, Chenpeng"]
[Result "1/2-1/2"]
[WhiteElo "2337"]
[BlackElo "2390"]
[PlyCount "31"]
[EventDate "2005.11.09"]
[EventType "swiss"]
[EventRounds "13"]
[EventCountry "TUR"]
[SourceTitle "CBM 109 Extra"]
[Source "ChessBase"]
[SourceDate "2006.01.03"]
[SourceVersion "2"]
[SourceVersionDate "2006.01.03"]
[SourceQuality "1"]

1. d4 d5 2. c4 c6 3. Nf3 Nf6 4. Qb3 g6 5. Nc3 Bg7 6. g3 0-0 7. Bg2 Ne4 8. 0-0 dxc4 9. Qxc4 Bf5 10. Rd1 Nd7 11. Bf4 a5 12. Nxe4 Bxe4 13. Ne5 Bxg2 14. Kxg2 Nxe5 15. Bxe5 Qd5+ 16. Qxd5 1/2-1/2

[Event "Wch U20"]
[Site "Istanbul"]
[Date "2005.11.16"]
[Round "7"]
[White "Wei, Chenpeng"]
[Black "Magalashvili, Davit"]
[Result "0-1"]
[WhiteElo "2390"]
[BlackElo "2448"]
[PlyCount "96"]
[EventDate "2005.11.09"]
[EventType "swiss"]
[EventRounds "13"]
[EventCountry "TUR"]
[SourceTitle "CBM 109 Extra"]
[Source "ChessBase"]
[SourceDate "2006.01.03"]
[SourceVersion "2"]
[SourceVersionDate "2006.01.03"]
[SourceQuality "1"]

1. e4 c5 2. Nf3 d6 3. d4 cxd4 4. Nxd4 Nf6 5. Nc3 a6 6. Be3 e5 7. Nb3 Be6 8. f3 Be7 9. Qd2 0-0 10. 0-0-0 Nbd7 11. g4 b5 12. g5 b4 13. Ne2 Ne8 14. f4 a5 15. f5 a4 16. fxe6 axb3 17. exf7+ Rxf7 18. Kb1 bxc2+ 19. Kxc2 Nb6 20. Nc1 d5 21. exd5 Nd6 22. Kb1 Nbc4 23. Bxc4 Nxc4 24. Qd3 Nxe3 25. Qxe3 Bxg5 26. Qxe5 Bxc1 27. Rxc1 Qa5 28. a3 bxa3 29. b3 Qb5 30. Ka1 Re8 31. Qd4 Qxb3 32. Rhe1 Rxe1 33. Rxe1 Rb7 34. Qe5 Qb2+ 35. Qxb2 axb2+ 36. Kb1 Kf7 37. Re2 Rb5 38. Rd2 Ke7 39. d6+ Kd7 40. Rxb2 Rxb2+ 41. Kxb2 Kxd6 42. Kc3 Ke5 43. Kd3 Kf4 44. Ke2 Kg4 45. Kf2 Kh3 46. Kg1 g5 47. Kh1 g4 48. Kg1 h6 0-1

[Event "Beijing zt 3.3"]
[Site "Beijing"]
[Date "2005.10.24"]
[Round "8"]
[White "Wei, Chenpeng"]
[Black "Wang, Rui"]
[Result "0-1"]
[WhiteElo "2390"]
[BlackElo "2474"]
[PlyCount "98"]
[EventDate "2005.10.20"]
[EventType "tourn"]
[EventRounds "9"]
[EventCountry "CHN"]
[EventCategory "10"]
[SourceTitle "CBM 110"]
[Source "ChessBase"]
[SourceDate "2006.01.31"]
[SourceVersion "1"]
[SourceVersionDate "2006.01.31"]
[SourceQuality "1"]

1. e4 d6 2. d4 Nf6 3. Nc3 e5 4. Nf3 Nbd7 5. Bc4 Be7 6. 0-0 0-0 7. Re1 c6 8. a4 Qc7 9. b3 Nb6 10. Be2 Bg4 11. h3 Bh5 12. Bg5 h6 13. Bh4 Nxe4 14. Nxe4 Bxf3 15. Bxe7 Bxe2 16. Bxd6 Bxd1 17. Bxc7 Bxc2 18. dxe5 Rfc8 19. Bd6 Nd7 20. Re3 c5 21. Rc1 Bxe4 22. Rxe4 a5 23. f4 Rc6 24. g4 Rac8 25. Rec4 f6 26. Kf2 fxe5 27. fxe5 Kf7 28. Ke3 Rb6 29. R1c3 Ke6 30. Ke4 Rbc6 31. h4 Rg8 32. Rf3 Re8 33. Rf1 Rxd6 34. exd6 Kxd6+ 35. Kf3 Ne5+ 36. Kg3 Nxc4 37. bxc4 Re3+ 38. Kf4 Rc3 39. Kf5 Rxc4 40. Rg1 Rxa4 41. Kg6 c4 42. Kxg7 c3 43. Kxh6 c2 44. Kh5 Rc4 45. Rc1 b5 46. g5 b4 47. g6 b3 48. g7 Rc8 49. Kh6 Rb8 0-1

[Event "Wch U14"]
[Site "Belfort"]
[Date "2005.07.25"]
[Round "7"]
[White "Anakidze, Gia"]
[Black "Wei, Chenpeng"]
[Result "0-1"]
[WhiteElo "1954"]
[BlackElo "2406"]
[PlyCount "35"]
[EventDate "2005.07.??"]
[EventType "swiss"]
[EventRounds "11"]
[EventCountry "FRA"]
[SourceTitle "CBM 107 Extra"]
[Source "ChessBase"]
[SourceDate "2005.09.01"]
[SourceVersion "1"]
[SourceVersionDate "2005.09.01"]
[SourceQuality "1"]

1. e4 c5 2. g3 Nc6 3. Bg2 g6 4. d3 Bg7 5. f4 d6 6. Nf3 Nf6 7. 0-0 0-0 8. h3 b5 9. c3 b4 10. c4 Nd7 11. Qe2 Bb7 12. Nbd2 e6 13. Re1 Ne7 14. Nf1 Re8 15. Ne3 f5 16. exf5 gxf5 17. Qf2 Qb6 18. Rb1 0-1

[Event "Torch Cup"]
[Site "Xiapu"]
[Date "2005.06.23"]
[Round "16"]
[White "Wei, Chenpeng"]
[Black "Liang, Chong"]
[Result "1-0"]
[WhiteElo "2406"]
[BlackElo "2524"]
[PlyCount "99"]
[EventDate "2005.06.21"]
[EventType "team"]
[EventRounds "19"]
[EventCountry "CHN"]
[SourceTitle "CBM 106 Extra"]
[Source "ChessBase"]
[SourceDate "2005.07.01"]
[SourceVersion "1"]
[SourceVersionDate "2005.07.01"]
[SourceQuality "1"]

1. e4 e5 2. Nf3 Nc6 3. Nc3 g6 4. d4 exd4 5. Nxd4 Bg7 6. Nde2 d6 7. g3 Ne5 8. Bg2 Ne7 9. 0-0 c6 10. a4 0-0 11. b3 f5 12. Ba3 Nf7 13. exf5 Nxf5 14. Qd2 Bh6 15. f4 Qb6+ 16. Rf2 Bg7 17. Bb2 Re8 18. a5 Qe3 19. Rd1 d5 20. Na4 Bxb2 21. Nxb2 N7h6 22. Bf3 Qxd2 23. Rxd2 Ne3 24. Nd4 Nhf5 25. Rfe2 Nxd4 26. Rxd4 Bf5 27. Nd3 a6 28. Kf2 Nd1+ 29. Ke1 Nc3 30. Rxe8+ Rxe8+ 31. Kd2 Nb5 32. Rb4 Bxd3 33. Kxd3 Rd8 34. c4 dxc4+ 35. Kxc4 Rd2 36. Kc5 Rf2 37. Bg4 Rxh2 38. Bc8 Rh5+ 39. Kb6 Nd6 40. Bg4 Rh2 41. Rd4 Nb5 42. Rd8+ Kg7 43. Kxb7 Rb2 44. Rd3 Ra2 45. Kxa6 Nc7+ 46. Kb7 Nd5 47. Rxd5 cxd5 48. a6 h5 49. Bd7 Kf6 50. a7 1-0

[Event "CHN-chT Torch Real Estate Cup"]
[Site "Wuxi"]
[Date "2005.05.13"]
[Round "12"]
[White "Wei, Chenpeng"]
[Black "Xu, Jun"]
[Result "1/2-1/2"]
[WhiteElo "2406"]
[BlackElo "2582"]
[PlyCount "40"]
[EventDate "2005.05.08"]
[EventType "team-tourn"]
[EventRounds "13"]
[EventCountry "CHN"]
[SourceTitle "CBM 106 Extra"]
[Source "ChessBase"]
[SourceDate "2005.07.01"]
[SourceVersion "1"]
[SourceVersionDate "2005.07.01"]
[SourceQuality "1"]

1. e4 c5 2. Nf3 d6 3. Bb5+ Nd7 4. d4 Ngf6 5. Nc3 cxd4 6. Qxd4 e5 7. Qd3 h6 8. Be3 a6 9. Bc4 Be7 10. a4 Qc7 11. 0-0 Nc5 12. Bxc5 Qxc5 13. Nd5 Nxd5 14. Bxd5 0-0 15. Nd2 Rb8 16. Ra3 Bd7 17. Qe3 Qa5 18. Rfa1 b5 19. Nb3 Qb6 20. axb5 axb5 1/2-1/2

[Event "Jinan Torch Cup"]
[Site "Jinan"]
[Date "2005.04.20"]
[Round "1"]
[White "Azmaiparashvili, Zurab"]
[Black "Wei, Chenpeng"]
[Result "1-0"]
[WhiteElo "2671"]
[BlackElo "2406"]
[PlyCount "104"]
[EventDate "2005.04.20"]
[EventType "team"]
[EventRounds "9"]
[EventCountry "CHN"]
[SourceTitle "CBM 106 Extra"]
[Source "ChessBase"]
[SourceDate "2005.07.01"]
[SourceVersion "1"]
[SourceVersionDate "2005.07.01"]
[SourceQuality "1"]

1. d4 d5 2. c4 c6 3. Nf3 Nf6 4. e3 a6 5. h3 b5 6. c5 a5 7. Ne5 g6 8. Nd2 Bg7 9. f4 Nfd7 10. Nd3 f6 11. g4 Na6 12. Bg2 Nc7 13. b4 0-0 14. 0-0 e6 15. Bb2 a4 16. Qe2 f5 17. g5 Qe7 18. Nf3 Kf7 19. h4 Ke8 20. h5 Bb7 21. Kf2 Rg8 22. Rh1 Bc8 23. Rh3 Nf8 24. Rah1 Bd7 25. a3 Kd8 26. h6 Bh8 27. Nd2 Kc8 28. Nb1 Kb7 29. Nc3 Be8 30. Qd2 Nd7 31. Bf3 Bf7 32. Bc1 Rae8 33. Nb2 Ra8 34. Bd1 Qd8 35. Bc2 Qb8 36. Qd1 Ra6 37. Re1 Kc8 38. Kf1 Kd8 39. Rh2 Ke7 40. Bd3 Qb7 41. Rc2 Rf8 42. Bd2 Raa8 43. Qe2 Nb8 44. Ra1 Nd7 45. Rcc1 Ra6 46. Nbxa4 bxa4 47. Bxa6 Qxa6 48. Qxa6 Nxa6 49. b5 cxb5 50. Rab1 Naxc5 51. dxc5 Nxc5 52. Nxb5 Ne4 1-0

[Event "Moscow Aeroflot op-B"]
[Site "Moscow"]
[Date "2005.02.18"]
[Round "4"]
[White "Kryakvin, Dmitry"]
[Black "Wei, Chenpeng"]
[Result "1/2-1/2"]
[WhiteElo "2479"]
[BlackElo "2420"]
[PlyCount "125"]
[EventDate "2005.02.15"]
[EventType "swiss"]
[EventRounds "9"]
[EventCountry "RUS"]
[SourceTitle "EXT 2006"]
[Source "ChessBase"]
[SourceDate "2005.11.24"]
[SourceVersion "1"]
[SourceVersionDate "2005.11.24"]
[SourceQuality "1"]

1. d4 d5 2. c4 c6 3. Nf3 Nf6 4. Nc3 a6 5. c5 Nbd7 6. Bf4 Nh5 7. e3 g6 8. h4 Nxf4 9. exf4 Nf6 10. Ne5 Bg7 11. Be2 h5 12. 0-0 Bf5 13. f3 Qc7 14. Qd2 Nd7 15. Na4 0-0 16. Bd3 Rad8 17. Bxf5 gxf5 18. Rae1 e6 19. b4 Kh7 20. Nb2 Nxe5 21. dxe5 b6 22. Nd3 Rg8 23. Kf2 Rb8 24. Qc2 Bf8 25. Rb1 Be7 26. g3 Rg6 27. Rh1 a5 28. a3 axb4 29. axb4 Rbg8 30. Rh3 Qa7 31. Kg2 Rb8 32. Rhh1 Rbg8 33. Rh3 Rb8 34. Rhh1 bxc5 35. Nxc5 Rb5 36. Nd3 Qe3 37. Rhe1 Qb6 38. Kh3 Bxb4 39. Red1 Ba3 40. Rxb5 Qxb5 41. Ra1 Bf8 42. Ra8 Rg8 43. Rc8 c5 44. Rc7 c4 45. Rxf7+ Kh8 46. Nf2 Qe8 47. Rb7 Rg7 48. Qb1 Rxb7 49. Qxb7 Bc5 50. Kg2 Bxf2 51. Kxf2 Kg8 52. Qa7 Kf8 53. Kg2 Qe7 54. Qa8+ Kf7 55. Kh3 Qe8 56. Qa7+ Kg6 57. Kg2 Qf7 58. Qa8 Kg7 59. Kh3 Qe7 60. Kg2 Kf7 61. Kh3 Qe8 62. Qa7+ Kg8 63. Kg2 1/2-1/2

[Event "Moscow Aeroflot op-B"]
[Site "Moscow"]
[Date "2005.02.16"]
[Round "2"]
[White "Sundararajan, Kidambi"]
[Black "Wei, Chenpeng"]
[Result "0-1"]
[WhiteElo "2473"]
[BlackElo "2420"]
[PlyCount "80"]
[EventDate "2005.02.15"]
[EventType "swiss"]
[EventRounds "9"]
[EventCountry "RUS"]
[SourceTitle "EXT 2006"]
[Source "ChessBase"]
[SourceDate "2005.11.24"]
[SourceVersion "1"]
[SourceVersionDate "2005.11.24"]
[SourceQuality "1"]

1. Nf3 Nf6 2. c4 c6 3. d4 d5 4. Nc3 a6 5. c5 Nbd7 6. h3 Qc7 7. Bg5 e5 8. e3 Be7 9. Be2 0-0 10. 0-0 Re8 11. Nxe5 Nxe5 12. Bf4 Nfd7 13. dxe5 Nxe5 14. Rc1 Bf5 15. Bg4 Bg6 16. Kh1 Rad8 17. Bxe5 Qxe5 18. f4 Qxe3 19. f5 Bxc5 20. fxg6 hxg6 21. Ne2 Bd6 22. Qd4 Qg5 23. Qf2 Re7 24. Rce1 Qd2 25. Rd1 Qxb2 26. Nd4 Qxf2 27. Rxf2 c5 28. Nc2 d4 29. Re2 Be5 30. Ne1 b5 31. Nd3 Bd6 32. Rxe7 Bxe7 33. Ne5 Bf6 34. Nd7 c4 35. Rf1 c3 36. Nxf6+ gxf6 37. Rxf6 c2 38. Rc6 d3 39. Kg1 Rd4 40. Bf3 Rc4 0-1

[Event "Moscow Aeroflot op-B"]
[Site "Moscow"]
[Date "2005.02.15"]
[Round "1"]
[White "Wei, Chenpeng"]
[Black "Mamedov, Rauf"]
[Result "0-1"]
[WhiteElo "2420"]
[BlackElo "2494"]
[PlyCount "107"]
[EventDate "2005.02.15"]
[EventType "swiss"]
[EventRounds "9"]
[EventCountry "RUS"]
[SourceTitle "EXT 2006"]
[Source "ChessBase"]
[SourceDate "2005.11.24"]
[SourceVersion "1"]
[SourceVersionDate "2005.11.24"]
[SourceQuality "1"]

1. e4 c5 2. Nf3 Nc6 3. Bb5 g6 4. 0-0 Bg7 5. c3 Nf6 6. Qa4 0-0 7. d4 cxd4 8. cxd4 d5 9. e5 Nd7 10. Bxc6 Nb6 11. Qd1 bxc6 12. Bf4 Bg4 13. Nbd2 Rc8 14. Rc1 h6 15. h3 Bf5 16. Nb3 Nc4 17. Qe2 g5 18. Bd2 Rb8 19. Rfe1 e6 20. Bc3 g4 21. hxg4 Bxg4 22. Qd3 f6 23. Nfd2 fxe5 24. dxe5 Qh4 25. Qg3 Qxg3 26. fxg3 Nxd2 27. Bxd2 Rfc8 28. Bf4 c5 29. Rc2 Bf8 30. Rec1 Bf5 31. Rd2 h5 32. Be3 c4 33. Nd4 Bg4 34. Rdc2 a5 35. b3 Ba3 36. Rf1 Be7 37. Rfc1 Ba3 38. Rf1 cxb3 39. Rxc8+ Rxc8 40. axb3 Rc3 41. Kf2 Rd3 42. Nc6 Rc3 43. Nxa5 Bb4 44. Nb7 Rxb3 45. Nd6 Bc3 46. Kg1 Bxe5 47. Bf4 Bd4+ 48. Kh2 e5 49. Bg5 e4 50. Nf5 Bc5 51. Rc1 Bxf5 52. Rxc5 Rd3 53. Bf4 e3 54. Rc7 0-1

[Event "Wch U12"]
[Site "Chalkidiki"]
[Date "2003.10.29"]
[Round "7"]
[White "Wei, Chenpeng"]
[Black "Pap, Gyula"]
[Result "1-0"]
[WhiteElo "2253"]
[BlackElo "2233"]
[PlyCount "71"]
[EventDate "2003.10.23"]
[EventType "swiss"]
[EventRounds "11"]
[EventCountry "GRE"]
[SourceTitle "EXT 2004"]
[Source "ChessBase"]
[SourceDate "2003.11.25"]
[SourceVersion "1"]
[SourceVersionDate "2003.11.25"]
[SourceQuality "1"]

1. e4 e6 2. d4 d5 3. Nc3 Nf6 4. Bg5 Bb4 5. e5 h6 6. Bd2 Bxc3 7. bxc3 Ne4 8. Qg4 Kf8 9. Qf4 c5 10. Bd3 Nxd2 11. Qxd2 Nc6 12. Nf3 Qa5 13. dxc5 Qxc5 14. Rb1 b6 15. Bb5 Na5 16. 0-0 a6 17. Bd3 Bb7 18. Nd4 Rc8 19. Qf4 Kg8 20. Qe3 b5 21. f4 Qxc3 22. a4 b4 23. f5 Nc4 24. Qf4 exf5 25. Nxf5 Rc7 26. e6 Ne5 27. e7 Qc5+ 28. Kh1 Rxe7 29. Nxe7+ Qxe7 30. Qxb4 Qxb4 31. Rxb4 Nxd3 32. Rxb7 Ne5 33. Rb8+ Kh7 34. Rxh8+ Kxh8 35. Rd1 f6 36. Rxd5 1-0

[Event "Wch U12"]
[Site "Chalkidiki"]
[Date "2003.10.27"]
[Round "5"]
[White "Wei, Chenpeng"]
[Black "Matlakov, Maxim"]
[Result "1-0"]
[WhiteElo "2253"]
[BlackElo "2332"]
[PlyCount "73"]
[EventDate "2003.10.23"]
[EventType "swiss"]
[EventRounds "11"]
[EventCountry "GRE"]
[SourceTitle "EXT 2004"]
[Source "ChessBase"]
[SourceDate "2003.11.25"]
[SourceVersion "1"]
[SourceVersionDate "2003.11.25"]
[SourceQuality "1"]

1. e4 c5 2. Nf3 e6 3. d4 cxd4 4. Nxd4 Nf6 5. Nc3 d6 6. Be3 a6 7. f3 b5 8. g4 h6 9. Qd2 Nbd7 10. 0-0-0 Bb7 11. h4 b4 12. Na4 Qa5 13. b3 Nc5 14. a3 Nxa4 15. axb4 Qc7 16. bxa4 d5 17. e5 Nd7 18. f4 Nb6 19. Bf2 Nxa4 20. Be1 Be7 21. Rh3 Nb6 22. f5 Nc4 23. Bxc4 dxc4 24. fxe6 0-0 25. exf7+ Rxf7 26. e6 Rff8 27. Bg3 Qb6 28. Be1 Rad8 29. Qe3 Rfe8 30. Nf5 Rxd1+ 31. Kxd1 Qd8+ 32. Kc1 Bc8 33. Bc3 Bf8 34. Nxh6+ Kh7 35. Nf7 Qd5 36. h5 Bxe6 37. h6 1-0